000 00621nam a2200193Ia 4500
008 140429s9999 xx 000 0 und d
020 _a9789712725289
050 _aUA 853.P6
_b.Y1 2011
100 _aYabes, Criselda
245 _aPeace warriors :
_bon nthe trail with Filipino soldiers /
_cCriselda Yabes.
260 _aManila :
_bAnvil Pub.,
_cc2011.
300 _a244 p. :
_bill. ;
_c21 cm.
521 _aGE
650 _aPhilippines, Army
_xMilitar life.
650 _aPhilippines, Army
_xOperations other than war.
650 _aSoldiers
_xPhilippines --Social conditions.
942 _kLOC
_cBK
999 _c115653
_d115653